Caivamañcari / (Record no. 82631)
[ view plain ]
| 000 -LEADER | |
|---|---|
| fixed length control field | 00610nam a2200193 a 4500 |
| 001 - CONTROL NUMBER | |
| control field | sa 68008922 |
| 003 - CONTROL NUMBER IDENTIFIER | |
| control field | DLC |
| 005 - DATE AND TIME OF LATEST TRANSACTION | |
| control field | 20260227112538.0 |
| 008 - FIXED-LENGTH DATA ELEMENTS--GENERAL INFORMATION | |
| fixed length control field | 980923s1904 ii 000 0 tam |
| 010 ## - LIBRARY OF CONGRESS CONTROL NUMBER | |
| LC control number | sa 68008922 |
| 040 ## - CATALOGING SOURCE | |
| Original cataloging agency | DLC |
| Transcribing agency | DLC |
| 050 00 - LIBRARY OF CONGRESS CALL NUMBER | |
| Classification number | PL4758.6 |
| Item number | .P313 |
| 100 1# - MAIN ENTRY--PERSONAL NAME | |
| Personal name | Pāṇṭitturaittēvar, |
| Dates associated with a name | 1867-1911. |
| 245 10 - TITLE STATEMENT | |
| Title | Caivamañcari / |
| Statement of responsibility, etc. | Pō. Pāṇṭitturait Tēvarāl tokukkaper̲r̲tu. |
| 260 ## - PUBLICATION, DISTRIBUTION, ETC. | |
| Place of publication, distribution, etc. | Maturai : |
| Name of publisher, distributor, etc. | Tamil̲ccaṅka Muttrācālaip patippu, |
| Date of publication, distribution, etc. | 1904. |
| 300 ## - PHYSICAL DESCRIPTION | |
| Extent | 1 v. (various pagings) ; |
| Dimensions | 25 cm. |
| 440 #0 - SERIES STATEMENT/ADDED ENTRY--TITLE | |
| Title | Maturait Tamil̲ccaṅkattu piracuram ; |
| Volume/sequential designation | 2 |
| 546 ## - LANGUAGE NOTE | |
| Language note | In Tamil. |
No items available.